Educación nacional en crisis

Guardado en:
書目詳細資料
主要作者: Nuñez Garro, Luis Eduardo
格式: Texto
出版: San José: Sindicato de Educadores Costarricenses
標簽: 添加標簽
沒有標簽, 成為第一個標記此記錄!

MARC

LEADER 00000 a a2200000 04500
001 16652
003
040 |a CRAI/IIS  |c CRAI/IIS 
090 |a 011700  
100 |a Nuñez Garro, Luis Eduardo  
245 |a Educación nacional en crisis  
260 |a San José:   |b Sindicato de Educadores Costarricenses  
300 |a 17 p  
999 |c 4425  |d 4425